000 01628nam a22002777a 4500
003 PE SENCICO BE
005 20251020182711.0
008 250206b |||||||| |||| 00| 0 eng d
040 _aPE SENCICO BE
_cPE SENCICO BE
041 _aspa
082 _a728.31098525
_bK16
100 1 _92916
_aKahatt, Sharif S.
_eautor
245 1 _aAtlas de la vivienda colectiva en Lima :
_barquitectura y proyecto urbano /
_cSharif S. Kahatt
250 _a1a ed.
260 _aLima :
_bPUCP. Fondo editorial ;
_c2024
300 _a566 p. :
_bilustraciones, planos, diagramas ;
_c24 cm.
505 0 _aLinea de tiempo con obras, hechos y contexto. Arquitectura, urbanidad y ciudadanía -- Mapas de crecimiento de Lima con áreas. Lima en tramas. Urbanización, arquitectura e historia de Lima -- Comparación de escala de plantas de conjuntos. Arquitectura y colectividad. Las formas de la vivienda urbana -- Fotografías, planos de conjunto y plantas de vivienda. Proyectos de vivienda colectiva en Lima 1911-2021 -- Comparación de escala de plantas de viviendas. Las formas del vacío. De la utopía social al libre mercado -- Imágenes de los conjuntos en la actualidad. Fotografías aéreas. Las formas de la vivienda colectiva en Lima -- Mapas de Lima. Ciudadanía en obras. Notas sobre la vivienda y la urbanidad
650 1 0 _91456
_aViviendas multifamiliares
650 2 0 _92875
_aConjunto de vivienda
650 2 0 _9370
_aArquitectura de viviendas
650 2 0 _918
_aDiseño arquitectónico
650 2 0 _9636
_aProyectos urbanos
651 0 _91382
_aLima (Perú : Departamento)
910 _ahfp
_bhfp
_chfp
942 _2ddc
_cLIB
999 _c5090
_d5090